| 000 | 00668nam a2200205 i 4500 | ||
|---|---|---|---|
| 001 | 64549 | ||
| 003 | ES-MaACL | ||
| 005 | 20230906165145.0 | ||
| 007 | t| | ||
| 008 | 031229s1963 sp ||||1| spa d | ||
| 100 | 1 |
_aFontaine, Guy. _951580 |
|
| 245 | 1 | 0 |
_aDiodos y transistores _b: teoría general / _cpor G. Fontaine ; [traducido por, Ramón de Lucas Ortueta]. |
| 260 |
_a[Madrid : _bParaninfo, _c1963] |
||
| 300 |
_aVIII, 468 p. : _bgraf., il. ; _c22 cm. |
||
| 490 | 1 | _aBiblioteca técnica Philips | |
| 700 | 1 |
_aLucas Ortueta, Ramón de. _974546 |
|
| 830 | 0 |
_aBiblioteca técnica Philips _9181540 |
|
| 852 |
_aES-MaACL _jC-25833 _bR.54432 |
||
| 999 |
_c64549 _d64549 |
||